[Event "Copa Latinoamericana de Ajedrez 2011"]
[Site "Montevideo URU"]
[Date "2011.11.04"]
[Round "6.66"]
[White "Tacoronte, Daniel"]
[Black "Froes Yano, William Jorge"]
[Result "0-1"]
[WhiteElo "2187"]
[BlackElo "2162"]
[PlyCount "60"]
[EventDate "2011.11.01"]
[EventType "swiss"]
[EventRounds "9"]
[EventCountry "URU"]
[Source "lmi"]
[SourceDate "2011.11.01"]

1. d4 Nf6 2. c4 c5 3. e3 b6 4. Nf3 Bb7 5. g3 e6 6. Bg2 Be7 7. O-O O-O 8. Nc3 d6
9. b3 Nbd7 10. Bb2 a6 11. Qe2 Ne4 12. Nxe4 Bxe4 13. dxc5 bxc5 14. Nd2 Bxg2 15.
Kxg2 a5 16. Rfd1 Qc7 17. Qf3 a4 18. Ne4 axb3 19. axb3 Rab8 20. Rd3 f5 21. Nxd6
Bxd6 22. Rad1 Ne5 23. Bxe5 Bxe5 24. Rd7 Qb6 25. Re7 Rfd8 26. Qh5 Qc6+ 27. Kh3
Rxd1 28. Qf7+ Kh8 29. Rxe6 Rd6 30. Rxe5 Rh6+ 0-1

[Event "Copa Latinoamericana de Ajedrez 2011"]
[Site "Montevideo URU"]
[Date "2011.11.04"]
[Round "6.67"]
[White "Idiarte Borda, Jorge"]
[Black "Ligato, Guillermo"]
[Result "1-0"]
[WhiteElo "2097"]
[BlackElo "1789"]
[PlyCount "71"]
[EventDate "2011.11.01"]
[EventType "swiss"]
[EventRounds "9"]
[EventCountry "URU"]
[Source "lmi"]
[SourceDate "2011.11.01"]

1. Nf3 e6 2. b3 Nf6 3. Bb2 c5 4. e3 Be7 5. g3 Nc6 6. Bg2 d6 7. O-O h5 8. d4 Qb6
9. Nbd2 d5 10. Ne5 Nxe5 11. dxe5 Ng4 12. c4 Bg5 13. Nf3 Qd8 14. Nxg5 Qxg5 15.
cxd5 exd5 16. h4 Qe7 17. Qxd5 Rh6 18. Rac1 Rc6 19. Qc4 g5 20. Bxc6+ bxc6 21.
Qxc5 Qxc5 22. Rxc5 gxh4 23. gxh4 Be6 24. Rfc1 Bd5 25. Rxc6 Bxc6 26. Rxc6 Kd7
27. Rc5 Ke6 28. Bd4 Kf5 29. e6+ Ke4 30. exf7 Rf8 31. Rc7 a5 32. Bg7 Rd8 33.
Re7+ Kd3 34. f8=Q Rd5 35. Qf3 Rc5 36. Qd1# 1-0

[Event "Copa Latinoamericana de Ajedrez 2011"]
[Site "Montevideo URU"]
[Date "2011.11.04"]
[Round "6.68"]
[White "Soto, Nicolas"]
[Black "Visillac, Alejandro"]
[Result "0-1"]
[WhiteElo "2022"]
[BlackElo "1775"]
[PlyCount "136"]
[EventDate "2011.11.01"]
[EventType "swiss"]
[EventRounds "9"]
[EventCountry "URU"]
[Source "lmi"]
[SourceDate "2011.11.01"]

1. e4 e6 2. d4 d5 3. Nc3 Bb4 4. e5 Ne7 5. a3 Bxc3+ 6. bxc3 c5 7. Qg4 O-O 8. Bd3
Nbc6 9. Bh6 Ng6 10. Bxg6 fxg6 11. Bd2 Qb6 12. Nf3 Qb2 13. O-O Qxc2 14. Rfc1 Qf5
15. Qg3 Na5 16. Rab1 c4 17. Bg5 Qd3 18. Be7 Rf7 19. Rd1 Qc2 20. Bb4 Nb3 21. Qh4
h6 22. Qd8+ Kh7 23. Qe8 Qf5 24. Rb2 g5 25. h3 b6 26. Nh2 Bb7 27. Qb5 Rc8 28. a4
Rc6 29. a5 bxa5 30. Bxa5 Ra6 31. Bb4 Ra1 32. Rxa1 Nxa1 33. Qa4 Nb3 34. Qxa7 Nc1
35. Nf3 Nd3 36. Qa2 Nxb2 37. Qxb2 Bc6 38. Nh2 Ra7 39. Ng4 Ba4 40. Bc5 Rf7 41.
Ne3 Qd3 42. Nf1 Bb3 43. Qd2 Rb7 44. Qb2 Rb5 45. Bb4 Rb7 46. Qa3 Rf7 47. Qb2 Qd1
48. Qd2 Ra7 49. Qxd1 Bxd1 50. Ne3 Ra1 51. Kh2 Be2 52. Kg3 Kg6 53. f4 Bd3 54.
fxg5 Kxg5 55. h4+ Kg6 56. Kf4 Rb1 57. Ba5 Rb5 58. Bd8 Kf7 59. Ng4 Ke8 60. Bc7
Kd7 61. Bd6 Rb3 62. Bb4 Be4 63. g3 Rxb4 64. cxb4 c3 65. Ke3 Kc6 66. Nf2 Bh7 67.
Nh3 Kb5 68. Nf4 Bf5 0-1

[Event "Copa Latinoamericana de Ajedrez 2011"]
[Site "Montevideo URU"]
[Date "2011.11.04"]
[Round "6.69"]
[White "Muzzi, Eduardo"]
[Black "Lopez Durand, Cesar"]
[Result "1-0"]
[WhiteElo "2019"]
[BlackElo "1758"]
[PlyCount "108"]
[EventDate "2011.11.01"]
[EventType "swiss"]
[EventRounds "9"]
[EventCountry "URU"]
[Source "lmi"]
[SourceDate "2011.11.01"]

1. e4 e6 2. d4 d5 3. e5 c5 4. Nf3 Nc6 5. Bd3 Qb6 6. O-O c4 7. Be2 Na5 8. c3 Bd7
9. Nbd2 Ne7 10. b3 cxb3 11. axb3 Nf5 12. b4 Nc6 13. Nb3 Nce7 14. Bg5 h6 15. Bd2
g5 16. Ne1 Rc8 17. Nd3 Ng6 18. Nbc5 Bb5 19. Re1 a6 20. Bg4 Ng7 21. Bf3 Qc6 22.
Nb2 b6 23. Ncd3 Be7 24. c4 Bxc4 25. Nxc4 Qxc4 26. Rc1 Qxd3 27. Rxc8+ Kd7 28.
Rxh8 Nxh8 29. Be2 Qa3 30. Qc2 Nf5 31. Rc1 Bd8 32. Bc3 Nxd4 33. Bxd4 Qxb4 34.
Qc6+ Ke7 35. Qd6+ Qxd6 36. exd6+ Kxd6 37. Bxh8 b5 38. Re1 a5 39. Bxb5 Bb6 40.
Rc1 Bc5 41. Bg7 Bb4 42. Bxh6 Bd2 43. Rc2 Bb4 44. Bxg5 Ke5 45. Bd2 Kd4 46. h4
Be7 47. h5 e5 48. Bxa5 f5 49. Bb6+ Ke4 50. Re2+ Kf4 51. g3+ Kg5 52. Rxe5 Bf6
53. Be2 Kh6 54. Rxf5 Bd4 1-0

[Event "Copa Latinoamericana de Ajedrez 2011"]
[Site "Montevideo URU"]
[Date "2011.11.04"]
[Round "6.70"]
[White "Sanduay, Nicolas"]
[Black "Pesuto, Nicolas"]
[Result "1-0"]
[WhiteElo "2016"]
[BlackElo "1755"]
[PlyCount "115"]
[EventDate "2011.11.01"]
[EventType "swiss"]
[EventRounds "9"]
[EventCountry "URU"]
[Source "lmi"]
[SourceDate "2011.11.01"]

1. e4 e5 2. Nc3 Nf6 3. Bc4 Bc5 4. d3 d6 5. Na4 Bb6 6. Nxb6 axb6 7. f4 Nc6 8. a3
Be6 9. Bxe6 fxe6 10. Nf3 exf4 11. Bxf4 e5 12. Bg5 O-O 13. O-O h6 14. Bd2 Qd7
15. h3 Rf7 16. Nh4 Ne7 17. Qe2 Raf8 18. Nf5 Nxf5 19. Rxf5 Nh7 20. g4 Qe7 21.
Raf1 Rxf5 22. exf5 Qd7 23. h4 Qc6 24. Bc1 Qd7 25. Qg2 Qc6 26. Qe2 Qd7 27. c3
Qe7 28. Qh2 c6 29. Qg3 Qd7 30. Rf2 b5 31. Be3 c5 32. d4 exd4 33. cxd4 c4 34.
Bf4 d5 35. Be5 Nf6 36. Bxf6 Rxf6 37. Qe5 Qd6 38. Kg2 b4 39. g5 hxg5 40. hxg5
Qxe5 41. dxe5 Rb6 42. g6 bxa3 43. bxa3 c3 44. Kf3 Rb2 45. Rf1 Rd2 46. f6 d4 47.
f7+ Kf8 48. Rh1 Ke7 49. Rh8 Rd3+ 50. Ke4 Re3+ 51. Kd5 Rf3 52. Re8+ Kd7 53. e6+
Kc7 54. e7 c2 55. Rc8+ Kxc8 56. e8=Q+ Kc7 57. Qe7+ Kb6 58. Qc5+ 1-0

[Event "Copa Latinoamericana de Ajedrez 2011"]
[Site "Montevideo URU"]
[Date "2011.11.04"]
[Round "6.71"]
[White "Colman, Matias"]
[Black "Gatti, Santiago"]
[Result "1-0"]
[WhiteElo "2007"]
[BlackElo "1687"]
[PlyCount "95"]
[EventDate "2011.11.01"]
[EventType "swiss"]
[EventRounds "9"]
[EventCountry "URU"]
[Source "lmi"]
[SourceDate "2011.11.01"]

1. d4 Nf6 2. c4 e6 3. Nc3 Bb4 4. Qc2 c5 5. dxc5 O-O 6. Nf3 Nc6 7. a3 Bxc5 8.
Bg5 Be7 9. O-O-O a6 10. e4 d6 11. e5 Ne8 12. h4 f6 13. exf6 Nxf6 14. Bd3 h6 15.
Kb1 Ng4 16. Qe2 Nge5 17. Qe4 Nxd3 18. Qxd3 e5 19. Bxe7 Qxe7 20. Qxd6 Qxd6 21.
Rxd6 Bf5+ 22. Ka2 Bg4 23. Nh2 Bf5 24. f3 Rad8 25. Rhd1 Rxd6 26. Rxd6 Rd8 27.
Rxd8+ Nxd8 28. Nf1 Nc6 29. Ne3 Bd3 30. b4 Kf7 31. Ne4 Bxe4 32. fxe4 Nd4 33. Kb2
Ne2 34. Kc2 g6 35. Ng4 Ke6 36. Nxh6 Ng3 37. Kd3 Nh5 38. Ke3 Nf4 39. g3 Nh5 40.
Kf3 Nf6 41. Ng4 Ne8 42. Ne3 Nd6 43. a4 Kf6 44. c5 Ne8 45. Nd5+ Ke6 46. b5 axb5
47. axb5 Ng7 48. c6 1-0

[Event "Copa Latinoamericana de Ajedrez 2011"]
[Site "Montevideo URU"]
[Date "2011.11.04"]
[Round "6.73"]
[White "D'Andrea, Leonardo"]
[Black "Cucchi, Nicolas"]
[Result "1/2-1/2"]
[WhiteElo "2125"]
[BlackElo "2002"]
[PlyCount "37"]
[EventDate "2011.11.01"]
[EventType "swiss"]
[EventRounds "9"]
[EventCountry "URU"]
[Source "lmi"]
[SourceDate "2011.11.01"]

1. e4 c5 2. Nf3 d6 3. d4 cxd4 4. Nxd4 Nf6 5. Nc3 a6 6. Bg5 e6 7. f4 Be7 8. Qf3
Qc7 9. O-O-O Nbd7 10. g4 b5 11. Bxf6 Nxf6 12. g5 Nd7 13. f5 Bxg5+ 14. Kb1 Ne5
15. Qh5 Qe7 16. Nxe6 Bxe6 17. fxe6 g6 18. exf7+ Kxf7 19. Qh3 1/2-1/2

[Event "Copa Latinoamericana de Ajedrez 2011"]
[Site "Montevideo URU"]
[Date "2011.11.04"]
[Round "6.74"]
[White "Haddad Filho, Paulo Ibrahim"]
[Black "De La Torre, Andres"]
[Result "1-0"]
[WhiteElo "1972"]
[BlackElo "2046"]
[PlyCount "71"]
[EventDate "2011.11.01"]
[EventType "swiss"]
[EventRounds "9"]
[EventCountry "URU"]
[Source "lmi"]
[SourceDate "2011.11.01"]

1. d4 Nf6 2. Nf3 g6 3. c4 Bg7 4. Nc3 O-O 5. e4 d6 6. Be2 Nc6 7. d5 Ne5 8. Nxe5
dxe5 9. Bg5 h6 10. Be3 e6 11. Qd2 exd5 12. exd5 Ng4 13. Bxg4 Bxg4 14. Bxh6 Qh4
15. Bg5 Qh5 16. f3 Bd7 17. h4 f6 18. g4 Bxg4 19. fxg4 Qxg4 20. Be3 Qxc4 21.
O-O-O f5 22. Bh6 f4 23. Bxg7 Kxg7 24. h5 g5 25. h6+ Kh8 26. d6 Qc5 27. Kb1 g4
28. Qe2 Qe3 29. Qxe3 fxe3 30. Kc2 Rf3 31. Rde1 Raf8 32. Kd3 R8f4 33. Ne2 Rf8
34. Reg1 e4+ 35. Kxe4 Rf2 36. Kd3 1-0

[Event "Copa Latinoamericana de Ajedrez 2011"]
[Site "Montevideo URU"]
[Date "2011.11.04"]
[Round "6.75"]
[White "Ruggiero, Alvaro"]
[Black "Rodriguez Farias, Eduardo"]
[Result "1-0"]
[WhiteElo "1967"]
[BlackElo "2015"]
[PlyCount "110"]
[EventDate "2011.11.01"]
[EventType "swiss"]
[EventRounds "9"]
[EventCountry "URU"]
[Source "lmi"]
[SourceDate "2011.11.01"]

1. e4 c5 2. Nc3 Nc6 3. f4 d6 4. Nf3 e6 5. Bc4 Nf6 6. d3 Be7 7. O-O a6 8. a3 b5
9. Ba2 O-O 10. Qe1 b4 11. axb4 Nxb4 12. Bb3 Bb7 13. Qg3 Qb6 14. Kh1 Nxd3 15.
Be3 Nxe4 16. Nxe4 Bxe4 17. Nd2 d5 18. cxd3 Bxd3 19. Bxc5 Bxc5 20. Qxd3 Bb4 21.
Nf3 Bd6 22. f5 Rfb8 23. Bc2 e5 24. Qxd5 Rd8 25. Nxe5 Qc7 26. Nc4 Bxh2 27. Qe4
Re8 28. Qd3 Rad8 29. Qc3 Rc8 30. Ra4 Be5 31. Nxe5 Qxc3 32. bxc3 Rxe5 33. Rxa6
Rec5 34. Rf3 Kf8 35. Ra3 Ke7 36. Kh2 Rc4 37. Kg3 Kf6 38. Kf2 Rd8 39. Bd3 Rc5
40. c4 Rb8 41. Rc3 Rb2+ 42. Kg3 Kg5 43. Rf2 Rb6 44. Rf1 Rd6 45. Re1 Kf6 46. Kf4
g6 47. g4 Rd4+ 48. Re4 g5+ 49. Ke3 Rd8 50. Rb3 Ra5 51. Rb5 Ra1 52. Rd5 Rc8 53.
Kd4 Ra4 54. Rd6+ Kg7 55. f6+ Kg8 1-0

[Event "Copa Latinoamericana de Ajedrez 2011"]
[Site "Montevideo URU"]
[Date "2011.11.04"]
[Round "6.76"]
[White "Alsina, Ruben"]
[Black "Chavez Riofrio, Elias Enrique"]
[Result "0-1"]
[WhiteElo "1945"]
[BlackElo "2009"]
[PlyCount "80"]
[EventDate "2011.11.01"]
[EventType "swiss"]
[EventRounds "9"]
[EventCountry "URU"]
[Source "lmi"]
[SourceDate "2011.11.01"]

1. Nf3 Nf6 2. c4 c5 3. g3 g6 4. Bg2 Bg7 5. O-O O-O 6. e3 d5 7. cxd5 Nxd5 8. d4
cxd4 9. exd4 Nc6 10. Be3 Bg4 11. h3 Bxf3 12. Bxf3 Nxe3 13. fxe3 Qd6 14. Kg2
Rad8 15. Qb3 Rd7 16. Nc3 Qb4 17. d5 Qxb3 18. axb3 Ne5 19. Rxa7 Rc8 20. Be2 f5
21. Rd1 Nf7 22. Bc4 Nd6 23. Ra4 Bxc3 24. bxc3 b5 25. Ra5 bxc4 26. b4 Rb8 27.
Rc5 Kf7 28. g4 Kf6 29. Kf3 Ke5 30. gxf5 Kxf5 31. Rd4 g5 32. h4 h6 33. hxg5 hxg5
34. Rg4 Ra7 35. e4+ Kf6 36. Rg2 Ra3 37. Rc2 Rxb4 38. Ke3 Ke5 39. Rc7 Rb7 40.
Rc5 Rbb3 0-1

[Event "Copa Latinoamericana de Ajedrez 2011"]
[Site "Montevideo URU"]
[Date "2011.11.04"]
[Round "6.77"]
[White "Caitano, Pablo"]
[Black "Orguim Da Silva, Joao Carlos"]
[Result "1-0"]
[WhiteElo "1991"]
[BlackElo "1932"]
[PlyCount "91"]
[EventDate "2011.11.01"]
[EventType "swiss"]
[EventRounds "9"]
[EventCountry "URU"]
[Source "lmi"]
[SourceDate "2011.11.01"]

1. e4 c5 2. Nc3 e6 3. g3 d5 4. exd5 exd5 5. Bg2 Nf6 6. d3 Be7 7. Nge2 d4 8. Ne4
Nxe4 9. Bxe4 Nc6 10. O-O Be6 11. Nf4 Qd7 12. Nxe6 Qxe6 13. Re1 Qd7 14. Qe2 Kf8
15. Qh5 Re8 16. Bf4 Nd8 17. Bd5 Ne6 18. Bxe6 fxe6 19. Re4 b6 20. g4 Bd6 21.
Rae1 g6 22. Qh6+ Kf7 23. Bxd6 Qxd6 24. Rf4+ Ke7 25. Qg7+ Kd8 26. Rf7 Rhg8 27.
Qf6+ Kc8 28. Rxa7 Rgf8 29. Qg7 Qc6 30. Rxe6 Rxe6 31. Qxf8+ Re8 32. Ra8+ Qxa8
33. Qxe8+ Kb7 34. Qxa8+ Kxa8 35. f4 Kb7 36. f5 Kc7 37. f6 Kd6 38. g5 Ke6 39.
Kf2 h6 40. h4 hxg5 41. hxg5 b5 42. Kf3 Kd6 43. Ke4 Ke6 44. a3 Kd6 45. b4 cxb4
46. axb4 1-0

[Event "Copa Latinoamericana de Ajedrez 2011"]
[Site "Montevideo URU"]
[Date "2011.11.04"]
[Round "6.78"]
[White "Hengles, Roberto Carlos"]
[Black "Cordero, Renzo"]
[Result "0-1"]
[WhiteElo "1927"]
[BlackElo "1978"]
[PlyCount "60"]
[EventDate "2011.11.01"]
[EventType "swiss"]
[EventRounds "9"]
[EventCountry "URU"]
[Source "lmi"]
[SourceDate "2011.11.01"]

1. e4 c5 2. Nf3 e6 3. d4 cxd4 4. Nxd4 a6 5. Bd3 Nf6 6. O-O Bc5 7. Nb3 Ba7 8. e5
Nd5 9. Qg4 g6 10. N1d2 Nc6 11. Nc4 Bb8 12. Bg5 f6 13. Bh6 Nxe5 14. Nxe5 Bxe5
15. Bxg6+ hxg6 16. Qxg6+ Ke7 17. f4 Bxb2 18. Qg7+ Kd6 19. Rab1 Bc3 20. Rfd1 Qg8
21. Rxd5+ exd5 22. Rd1 Qxg7 23. Bxg7 Rg8 24. Bh6 Ke7 25. Rxd5 b5 26. Rd3 Bb4
27. Kf1 d6 28. Nd4 Bb7 29. Nf5+ Kd7 30. g3 Be4 0-1

[Event "Copa Latinoamericana de Ajedrez 2011"]
[Site "Montevideo URU"]
[Date "2011.11.04"]
[Round "6.78"]
[White "Nuñez, Hiber"]
[Black "Manzanares, Richard"]
[Result "1/2-1/2"]
[WhiteElo "1865"]
[BlackElo "1897"]
[PlyCount "50"]
[EventDate "2011.11.01"]
[EventType "swiss"]
[EventRounds "9"]
[EventCountry "URU"]
[Source "lmi"]
[SourceDate "2011.11.01"]

1. d4 d6 2. c4 g6 3. Nc3 Bg7 4. e4 e5 5. dxe5 Bxe5 6. f4 Bg7 7. Nf3 Nf6 8. Bd3
O-O 9. O-O Nbd7 10. h3 Nc5 11. Bc2 Be6 12. Qe2 c6 13. Be3 Qc7 14. e5 Nfd7 15.
exd6 Qxd6 16. Rad1 Qe7 17. Rfe1 Rad8 18. Nd4 Nb6 19. b3 Rfe8 20. Qf2 Na6 21.
Nxe6 Rxd1 22. Nxd1 Qxe6 23. Kf1 Nb4 24. Bd2 Nxc2 25. Rxe6 Rxe6 1/2-1/2

[Event "Copa Latinoamericana de Ajedrez 2011"]
[Site "Montevideo URU"]
[Date "2011.11.04"]
[Round "6.80"]
[White "Davila, Mario"]
[Black "Urrestarazu, Diego"]
[Result "1-0"]
[WhiteElo "1896"]
[BlackElo "1955"]
[PlyCount "107"]
[EventDate "2011.11.01"]
[EventType "swiss"]
[EventRounds "9"]
[EventCountry "URU"]
[Source "lmi"]
[SourceDate "2011.11.01"]

1. e4 c5 2. d3 Nc6 3. g3 g6 4. Bg2 Bg7 5. f4 e6 6. Nf3 Nge7 7. O-O O-O 8. c3 d5
9. e5 d4 10. Qe2 Rb8 11. Nbd2 Nd5 12. Ne4 b5 13. Rd1 Nce7 14. Nxc5 dxc3 15. d4
Nf5 16. Rd3 b4 17. Qf2 Qb6 18. g4 cxb2 19. Qxb2 Nh6 20. h3 Rd8 21. Qf2 Ba6 22.
Nxa6 Qxa6 23. Bf1 Qa4 24. Nd2 Rdc8 25. Nb3 Bf8 26. f5 gxf5 27. g5 f4 28. gxh6
Bxh6 29. Qh4 Bg7 30. Bxf4 Nxf4 31. Qxf4 Rc3 32. Qd2 Rbc8 33. Nc5 Qc2 34. Qxc2
Rxc2 35. Nb3 Rb2 36. Rd2 Rxd2 37. Nxd2 Bh6 38. Nb3 Rc2 39. Bd3 Rb2 40. Kh1 Bf4
41. Rg1+ Kh8 42. Rg2 Rxg2 43. Kxg2 Be3 44. Kf3 Bg1 45. Ke4 Kg7 46. Nc5 f5+ 47.
exf6+ Kxf6 48. Na6 Kg5 49. Bc4 Kf6 50. Nxb4 Bh2 51. Nc6 Bc7 52. Nxa7 h6 53. Nc6
Bd6 54. a4 1-0

[Event "Copa Latinoamericana de Ajedrez 2011"]
[Site "Montevideo URU"]
[Date "2011.11.04"]
[Round "6.81"]
[White "Piñero, Ismael"]
[Black "Cicero, Carlos"]
[Result "0-1"]
[WhiteElo "1874"]
[BlackElo "1937"]
[PlyCount "72"]
[EventDate "2011.11.01"]
[EventType "swiss"]
[EventRounds "9"]
[EventCountry "URU"]
[Source "lmi"]
[SourceDate "2011.11.01"]

1. e4 e6 2. d4 d5 3. e5 c5 4. Nf3 Qb6 5. Bd3 Nc6 6. O-O cxd4 7. a3 f5 8. b4 a6
9. Bb2 Bd7 10. Nbd2 Nh6 11. Nb3 Nf7 12. Re1 Be7 13. Bxd4 Nxd4 14. Nbxd4 Rc8 15.
Bxf5 O-O 16. Bd3 Ng5 17. Nxg5 Bxg5 18. Qh5 Bh6 19. Nf3 Be8 20. Qh3 Bg6 21. Bxg6
hxg6 22. Re2 Rc3 23. Qg4 Rcxf3 24. gxf3 g5 25. Rd1 Qc6 26. Rd3 Rf4 27. Qg3 Kh7
28. h3 Rc4 29. Qg2 Qe8 30. c3 Qa4 31. Ra2 Qb3 32. Ra1 Rxc3 33. Rdd1 Rxf3 34.
Qg4 Rxh3 35. Re1 Rh4 36. Qxe6 Qf3 0-1

[Event "Copa Latinoamericana de Ajedrez 2011"]
[Site "Montevideo URU"]
[Date "2011.11.04"]
[Round "6.82"]
[White "Iduate, Guillermo"]
[Black "Hernandez, Rafael"]
[Result "1/2-1/2"]
[WhiteElo "1870"]
[BlackElo "1827"]
[PlyCount "138"]
[EventDate "2011.11.01"]
[EventType "swiss"]
[EventRounds "9"]
[EventCountry "URU"]
[Source "lmi"]
[SourceDate "2011.11.01"]

1. e4 e6 2. d4 d5 3. Nd2 Nf6 4. e5 Nfd7 5. Bd3 c5 6. c3 Nc6 7. Ngf3 Qb6 8. dxc5
Bxc5 9. Qe2 Be7 10. Nb3 Nc5 11. Bc2 Nxb3 12. axb3 Bd7 13. O-O a6 14. b4 Qd8 15.
Ne1 Na7 16. f4 Bb5 17. Bd3 Bxd3 18. Qxd3 g6 19. Kh1 h5 20. Rf3 Bf8 21. Rh3 Bg7
22. Nf3 Rc8 23. Be3 Nb5 24. Bc5 Bf8 25. Be3 Bg7 26. Rf1 Qc7 27. Nd2 Qd7 28. Nb3
Kf8 29. Nc5 Qc7 30. Rg3 Kg8 31. Rgf3 Re8 32. g4 hxg4 33. Rg3 Qc8 34. Rxg4 Rh3
35. Rfg1 b6 36. Na4 Qc6 37. R1g2 d4 38. cxd4 Nxd4 39. Qxd4 Qxa4 40. Qxb6 Qb5
41. Qxb5 axb5 42. R4g3 Rh4 43. Rc2 Bh6 44. Rf3 Bf8 45. Bf2 Rh5 46. Bc5 Bh6 47.
Kg2 Rd8 48. Be7 Rb8 49. Rfc3 Bg7 50. Rc8+ Rxc8 51. Rxc8+ Kh7 52. Rb8 g5 53.
Bxg5 Bxe5 54. Rb7 Kg6 55. h4 f6 56. fxe5 fxg5 57. Rxb5 Rxh4 58. Rb6 Kf5 59. Rb5
Rc4 60. Kf3 Re4 61. Rb8 Rxe5 62. Rf8+ Kg6 63. Rb8 Kf6 64. b5 Ke7 65. b6 Rb5 66.
b7 Kd7 67. Rg8 Rxb7 68. Rg7+ Kc6 69. Rxb7 Kxb7 1/2-1/2

[Event "Copa Latinoamericana de Ajedrez 2011"]
[Site "Montevideo URU"]
[Date "2011.11.04"]
[Round "6.83"]
[White "Fernandez, Carlos"]
[Black "Bertucci, Santiago"]
[Result "0-1"]
[WhiteElo "1865"]
[BlackElo "1817"]
[PlyCount "92"]
[EventDate "2011.11.01"]
[EventType "swiss"]
[EventRounds "9"]
[EventCountry "URU"]
[Source "lmi"]
[SourceDate "2011.11.01"]

1. e4 c6 2. d4 d5 3. e5 Bf5 4. Nf3 e6 5. Bd3 Bxd3 6. Qxd3 c5 7. c3 Nc6 8. O-O
Nge7 9. dxc5 Ng6 10. Re1 Bxc5 11. b4 Be7 12. Bb2 O-O 13. Nbd2 Qc7 14. Qe2 a6
15. a3 b5 16. g3 Rfe8 17. Nb3 Na7 18. Nbd4 Nc8 19. Nd2 Nb6 20. f4 Rac8 21. Qg4
Na4 22. Rac1 Nxb2 23. Rc2 Nc4 24. Nxc4 Qxc4 25. h4 Qd3 26. h5 Rxc3 27. Rxc3
Qxc3 28. Rd1 Nf8 29. Nf3 h6 30. f5 exf5 31. Qxf5 Rd8 32. Rf1 Ne6 33. Kg2 Rc8
34. Rf2 Rf8 35. Rc2 Qxa3 36. Rc6 Qxb4 37. Rxa6 Nc5 38. Ra7 Ne4 39. Ra2 Qb3 40.
Re2 Qd3 41. Ra2 Qf1+ 42. Kh2 Qh1+ 43. Kxh1 Nxg3+ 44. Kg2 Nxf5 45. Nd2 Rc8 46.
Kf3 Rc2 0-1

[Event "Copa Latinoamericana de Ajedrez 2011"]
[Site "Montevideo URU"]
[Date "2011.11.04"]
[Round "6.84"]
[White "Ibañez, Marcelo"]
[Black "Chamlian, Aram"]
[Result "0-1"]
[WhiteElo "1854"]
[BlackElo "1758"]
[PlyCount "142"]
[EventDate "2011.11.01"]
[EventType "swiss"]
[EventRounds "9"]
[EventCountry "URU"]
[Source "lmi"]
[SourceDate "2011.11.01"]

1. e4 c5 2. Nf3 Nc6 3. Be2 e5 4. d3 Nf6 5. a3 Be7 6. Nc3 d5 7. O-O d4 8. Nb1
O-O 9. c4 a6 10. Bd2 b5 11. Qc2 Rb8 12. h3 bxc4 13. dxc4 h6 14. Bc1 Be6 15.
Nbd2 Nd7 16. Bd3 Qb6 17. Rb1 Na5 18. b3 Qc7 19. Re1 Nf6 20. Nf1 Nh5 21. Bd2 Nc6
22. g4 Nf6 23. g5 hxg5 24. Nxg5 Nh5 25. Qd1 Bxg5 26. Qxh5 Bxd2 27. Nxd2 Qd7 28.
Kh2 g6 29. Rg1 Kg7 30. Rg3 Rh8 31. Qf3 Rh4 32. Bf1 Rbh8 33. b4 Bg4 34. Qd3 Qe6
35. Nf3 Bxf3 36. Rxf3 g5 37. bxc5 g4 38. Rg3 Qf6 39. Kg1 Kf8 40. Rxg4 Rxg4+ 41.
hxg4 Qh4 42. Bg2 Qxg4 43. Qf3 Qxf3 44. Bxf3 Rh6 45. Rb6 Rg6+ 46. Kf1 Na5 47.
Be2 Rc6 48. Rxc6 Nxc6 49. Ke1 Ke7 50. Kd2 Na5 51. c6 Kd6 52. c5+ Kxc6 53. Bxa6
Kxc5 54. Kd3 Kb6 55. Bc8 Kb5 56. f4 f6 57. fxe5 fxe5 58. Bd7+ Kc5 59. Be6 Nb7
60. Bb3 Kb5 61. Bf7 Nc5+ 62. Ke2 Nxe4 63. Bg6 Nc3+ 64. Kf3 Ka4 65. Kg4 Kxa3 66.
Kf5 e4 67. Ke5 e3 68. Bd3 e2 69. Bxe2 Nxe2 70. Ke4 Kb3 71. Kd3 Kb2 0-1

[Event "Copa Latinoamericana de Ajedrez 2011"]
[Site "Montevideo URU"]
[Date "2011.11.04"]
[Round "6.85"]
[White "Luzuriaga, Norberto"]
[Black "Tramutolo, Gustavo"]
[Result "1-0"]
[WhiteElo "1836"]
[BlackElo "1636"]
[PlyCount "63"]
[EventDate "2011.11.01"]
[EventType "swiss"]
[EventRounds "9"]
[EventCountry "URU"]
[Source "lmi"]
[SourceDate "2011.11.01"]

1. d4 Nf6 2. Nf3 e6 3. c4 c6 4. Nc3 d5 5. cxd5 cxd5 6. e3 Bb4 7. Bd2 Qa5 8. a3
Be7 9. Rc1 O-O 10. Nb5 Qb6 11. Nc7 Bd7 12. Nxa8 Qxb2 13. Nc7 Ne4 14. Rb1 Qxa3
15. Nb5 Qa6 16. Nc3 Qa3 17. Nxe4 dxe4 18. Ne5 Ba4 19. Qc1 f6 20. Qxa3 Bxa3 21.
Nc4 Be7 22. Rxb7 Nc6 23. Be2 a6 24. Nb2 Bc2 25. O-O f5 26. Rc1 Nxd4 27. exd4 e3
28. Rxc2 exf2+ 29. Kxf2 Bf6 30. Rbc7 f4 31. Rc8 Bh4+ 32. Kf1 1-0

[Event "Copa Latinoamericana de Ajedrez 2011"]
[Site "Montevideo URU"]
[Date "2011.11.04"]
[Round "6.86"]
[White "Barandiaran, Gabriel"]
[Black "Casas, Nicolas"]
[Result "0-1"]
[WhiteElo "1945"]
[BlackElo "1811"]
[PlyCount "32"]
[EventDate "2011.11.01"]
[EventType "swiss"]
[EventRounds "9"]
[EventCountry "URU"]
[Source "lmi"]
[SourceDate "2011.11.01"]

1. e4 d5 2. exd5 Nf6 3. c4 Bg4 4. f3 Bf5 5. Nc3 e6 6. dxe6 Nc6 7. d3 Bc5 8. Bg5
Qd4 9. Qd2 Bxe6 10. O-O-O O-O-O 11. Nge2 Qe5 12. Qf4 Qxf4+ 13. Nxf4 Bf5 14.
Ncd5 Nxd5 15. Nxd5 Rd7 16. Be3 Rxd5 0-1

[Event "Copa Latinoamericana de Ajedrez 2011"]
[Site "Montevideo URU"]
[Date "2011.11.04"]
[Round "6.87"]
[White "Dominguez, Facundo"]
[Black "Passos Coutinho, Eduardo"]
[Result "0-1"]
[WhiteElo "1786"]
[BlackElo "1810"]
[PlyCount "70"]
[EventDate "2011.11.01"]
[EventType "swiss"]
[EventRounds "9"]
[EventCountry "URU"]
[Source "lmi"]
[SourceDate "2011.11.01"]

1. e4 c5 2. Nf3 d6 3. d4 cxd4 4. Nxd4 Nf6 5. Nc3 a6 6. Bd3 e5 7. Nb3 Qc7 8. Bg5
Nbd7 9. O-O h6 10. Bh4 g5 11. Bg3 b5 12. h4 Bb7 13. Re1 Be7 14. Qf3 g4 15. Qe3
Nb6 16. f3 Nc4 17. Bxc4 bxc4 18. Nd2 d5 19. exd5 Bc5 20. Kh1 Bxe3 21. Rxe3 Nd7
22. fxg4 f6 23. Nde4 O-O-O 24. Rb1 Rhg8 25. b3 cxb3 26. Rxb3 Nc5 27. Nxc5 Qxc5
28. Na4 Qd4 29. Rec3+ Kb8 30. Nc5 Rg7 31. Ne6 Qxd5 32. Rxb7+ Rxb7 33. Nxd8 Qxd8
34. g5 hxg5 35. hxg5 Qd1+ 0-1

[Event "Copa Latinoamericana de Ajedrez 2011"]
[Site "Montevideo URU"]
[Date "2011.11.04"]
[Round "6.88"]
[White "Zoppolo, Cedric"]
[Black "Barra De Oliveira, Francemir"]
[Result "0-1"]
[WhiteElo "1744"]
[BlackElo "1806"]
[PlyCount "76"]
[EventDate "2011.11.01"]
[EventType "swiss"]
[EventRounds "9"]
[EventCountry "URU"]
[Source "lmi"]
[SourceDate "2011.11.01"]

1. c4 Nf6 2. Nc3 e6 3. e4 d6 4. d4 Be7 5. Nf3 O-O 6. Bd3 Nbd7 7. Bf4 Nh5 8. Qd2
a6 9. O-O c5 10. d5 Nxf4 11. Qxf4 e5 12. Qd2 Nf6 13. h3 Nh5 14. Ne2 Kh8 15.
Rab1 Rg8 16. b4 b6 17. bxc5 bxc5 18. Rb2 g5 19. g4 Nf4 20. Kh2 Qd7 21. Nxf4
gxf4 22. Ng1 Rg6 23. f3 h5 24. Kg2 hxg4 25. hxg4 Bh4 26. Qe2 Kg7 27. Rfb1 Qd8
28. Kf1 Bg3 29. Qd1 Rh6 30. Rg2 Rh1 31. Bc2 Qa5 32. Ba4 Qc3 33. Qb3 Qd4 34.
Rbb2 Rb8 35. Qd1 Qxc4+ 36. Qe2 Qc1+ 37. Qd1 Qe3 38. Rxb8 Rxg1+ 0-1